| 000 | 00537pam a2200193 a 4500 | ||
|---|---|---|---|
| 020 | _c | ||
| 040 | _aMedical College Lib. | ||
| 041 |
_aENG _hENG |
||
| 082 |
_a616.07 _bPIP |
||
| 100 | _aPitman, M. B. . | ||
| 245 |
_aFine Needle Aspiration Biopsy of the Liver / _c _hTextual Documents |
||
| 260 |
_aLondon : _bButterworth - Heinemann , _c1994. |
||
| 300 |
_a285 ; _c |
||
| 365 | _a3,368=00 | ||
| 653 |
_aPathology _aMedicine _aMedical Science |
||
| 930 | _a3220 | ||
| 999 |
_c3219 _d3219 |
||